ফিলিপাইনে কৃষিসংস্কার / (Record no. 5917)
[ view plain ]
| 000 -LEADER | |
|---|---|
| fixed length control field | 00854nam a2200229 a 4500 |
| 001 - CONTROL NUMBER | |
| JCCL Control Number | 5917 |
| 003 - CONTROL NUMBER IDENTIFIER | |
| JCCL marc code | BD-JhCC |
| 005 - DATE AND TIME OF LATEST TRANSACTION | |
| control field | 20171230183401.0 |
| 008 - FIXED-LENGTH DATA ELEMENTS--GENERAL INFORMATION | |
| fixed length control field | 171230s1958 bg |||| ||a| 000 0 ben d |
| 035 ## - SYSTEM CONTROL NUMBER | |
| system control number | (BD-JhCC)5917 |
| 040 ## - CATALOGING SOURCE | |
| Original cataloging agency | BD-JhCC |
| Modifying agency | BD-JhCC |
| 041 ## - LANGUAGE CODE | |
| Language code of Book | ben |
| 082 ## - DEWEY DECIMAL CLASSIFICATION NUMBER | |
| Classification number | 630 |
| Author mark and Year | SCA 1958 |
| 100 ## - MAIN ENTRY--PERSONAL NAME | |
| Personal name | স্ক্যাফ, অ্যালভিন এইচ |
| 245 ## - TITLE STATEMENT | |
| Title | ফিলিপাইনে কৃষিসংস্কার / |
| Statement of responsibility, etc | অ্যালভিন এইচ স্ক্যাফ |
| 260 ## - PUBLICATION, DISTRIBUTION, ETC. (IMPRINT) | |
| Place of publication, distribution, etc | বোম্বাই : |
| Name of publisher, distributor, etc | পার্ল পাব্লিেশন প্রাইেভট লিমিটেড, |
| Date of publication, distribution, etc | ১৯৫৮. |
| 300 ## - PHYSICAL DESCRIPTION | |
| Pagination | 116 P. : |
| Dimensions | 18 cm. |
| 650 ## - SUBJECT ADDED ENTRY--TOPICAL TERM | |
| Topical term or geographic name as entry element | Agrcutlure |
| Geographic subdivision | Philiphine |
| 700 ## - ADDED ENTRY--PERSONAL NAME | |
| Personal name | চট্টোপাধ্যায়, যোগেন্দ্রাথ |
| 942 ## - ADDED ENTRY ELEMENTS (KOHA) | |
| Source of classification or shelving scheme | Dewey Decimal Classification |
| Koha item type | Books |
| Source of classification or shelving scheme | Damaged status | Not for loan | Home library | Current library | Shelving location | Cost, normal purchase price | Total Checkouts | Full call number | Barcode | Date last seen | Copy number | Koha item type |
|---|---|---|---|---|---|---|---|---|---|---|---|---|
| Dewey Decimal Classification | JCC Rouf Library | JCC Rouf Library | General Stacks | 50.09 | 630 SCA 1958 | 8386 | 12/30/2017 | C - 1 | Books |